000 00481nam a22001937a 4500
005 20251108172929.0
008 250721s1997 xx 000 0 ara d
082 1 4 _aط/م/031.02/موس
100 1 _aصقر، جوزف
_ecomp.
245 1 0 _aموسوعة الفا /
246 1 3 _aاسئلة و اجوبة
264 _c1997.
300 _a96/ص
490 _v9
650 1 7 _aالموسوعات
650 1 7 _aاسئلة و اجوبة
942 _2ddc
_cBK
999 _c92102
_d92102